El ajuste estacional y los efectos del calendario doméstico en un agregado monetario para Argentina (Registro nro. 15070)
[ vista simple ]
| 000 -LEADER | |
|---|---|
| fixed length control field | 00444 a2200133 4500 |
| 001 - CONTROL NUMBER | |
| control field | ART_7209 |
| 005 - DATE AND TIME OF LATEST TRANSACTION | |
| control field | 20260410161700.0 |
| 008 - FIXED-LENGTH DATA ELEMENTS--GENERAL INFORMATION | |
| fixed length control field | 260409a |
| 100 1# - MAIN ENTRY--PERSONAL NAME | |
| Personal name | Burdisso, Tamara |
| 245 10 - TITLE STATEMENT | |
| Title | El ajuste estacional y los efectos del calendario doméstico en un agregado monetario para Argentina |
| 700 1# - ADDED ENTRY--PERSONAL NAME | |
| Personal name | Blanco, Emilio |
| 700 1# - ADDED ENTRY--PERSONAL NAME | |
| Personal name | Sardi, Mariano |
| 773 0# - HOST ITEM ENTRY | |
| Title | Ensayos Económicos |
| Related parts | - Nº 57/58 (ene./jun. 2010) |
| Record control number | REV620 |
No hay ítems disponibles.